000 00582nam a2200181Ia 4500
005 20260601193224.0
008 260601s9999||||xx |||||||||||||| ||und||
020 _a978-3-031-49361-4
_qebk
100 _aIoannis Chatzigiannakis
245 0 _aAlgorithmic Aspects of Cloud Computing
250 _a1st ed. 2024
260 _aHeidelberg, Germany
_bSpringer Nature
_c2024
440 _aLecture Notes in Computer Science
650 _aComputer Science
700 _aIoannis Karydis
856 _uhttps://link.springer.com/openurl?genre=book&isbn=978-3-031-49361-4
942 _cEB
_2ddc
999 _c55878
_d55878